How to find information about service companies /

Bibliographic Details
Corporate Author: Washington Researchers Publishing
Format: Book
Language:English
Published: [Washington, DC] : Washington Researchers Pub., [1987]
Edition:Ed. 1.
Series:Executive reports series.
Subjects:

MARC

Tag First Indicator Second Indicator Subfields
LEADER 00000cam a2200000 a 4500
001 in00000019955
005 20151007053756.0
008 870916s1987 dcu f 00100 eng
010 |a  86051567  
020 |a 0934940525 (pbk.) :  |c $50.00 
035 |a (OCoLC)15617148 
035 |9 AAB2785AM 
040 |a DLC  |c DLC  |d TXA  |d UtOrBLW 
043 |a n-us--- 
049 |a TXAM  |c [A11085060] 
050 0 0 |a HD9981.5  |b .H68 1987 
082 0 |a 016.3387/61/000973  |2 19 
245 0 0 |a How to find information about service companies /  |c by Washington Researchers Publishing. 
250 |a Ed. 1. 
264 1 |a [Washington, DC] :  |b Washington Researchers Pub.,  |c [1987] 
264 4 |c ©1987 
300 |a ii, 156 pages ;  |c 28 cm. 
336 |a text  |b txt  |2 rdacontent 
337 |a unmediated  |b n  |2 rdamedia 
338 |a volume  |b nc  |2 rdacarrier 
490 1 |a Executive reports series 
500 |a Includes index. 
650 0 |a Service industries  |z United States  |x Information services  |x Handbooks, manuals, etc. 
650 0 |a Corporations  |z United States  |x Information services  |x Handbooks, manuals, etc. 
710 2 |a Washington Researchers Publishing. 
830 0 |a Executive reports series. 
999 |a MARS 
999 f f |s baa768bb-5188-3a6d-bd04-8c3c7183e79c  |i 61e386c4-db38-3f7d-a3e6-d63c8cb55e87  |t 0 
952 f f |p ric  |a Texas A&M University  |b Rellis Campus  |c Joint Library Facility  |d Remote Storage  |t 0  |e HD9981.5 .H68 1987  |h Library of Congress classification  |i unmediated -- volume  |m A14811085060 
998 f f |a HD9981.5 .H68 1987  |t 0  |l Remote Storage